000
00257pab a2200109 454500
008
180718b xxu||||| |||| 00| 0 eng d
100
_a
Gill, S.S.
245
_a
Mandal - issues ignored
650
_a
Backward classes
773
_a
Hindustan Times
909
_a
23329
999
_c
23329
_d
23329